000 00575nam a22002297a 4500
003 UA-OsUOA
001 88202
007 ta
008 20121002b un ||||| |||| 00| 0 ukr d
100 _aБровка П.
090 _a821.161.1
_bБ88
942 _cBK
040 _aUA-OsUOA
_brus
_cUA-OsUOA
_dUA-OsUOA
245 _aСтихотворения и поэмы
300 _a343 с.
955 _a3
041 _arus
080 _a821.161.1
260 _aМ.
_c1951
650 7 _a82 Література. Літературознавство
_2UDC
999 _c374613
_d374613